| 000 | 00458nam a2200181Ia 4500 | ||
|---|---|---|---|
| 008 | 230524s9999 xx 000 0 und d | ||
| 020 | _a9789352601738 | ||
| 082 | _bBAN | ||
| 100 |
_aColin N. Banwell _942432 |
||
| 245 | 0 | _aFundamental of Molecular Spectroscopy | |
| 250 | _a4 | ||
| 260 |
_aNew Delhi _bTMH _c2016 |
||
| 300 | _a"IX,301p;" | ||
| 500 | _aQuantity Number: 1 | ||
| 650 | _aElectronics | ||
| 700 |
_aElaine M. McCash _942433 |
||
| 942 | _cBK | ||
| 999 |
_c56717 _d56717 |
||